Geography Quiz

Random Geography or City Quiz
Score 0/10 Timer 04:00
1 Play Today
% Correct
Puerto Rico
92.5%
Guam
88.7%
US Virgin Islands
72.1%
San Juan
71.3%
American Samoa
62.4%
Northern Mariana Islands
36.3%
Pago Pago
24.2%
(Island of) Saipan
19.3%
Charlotte Amalie
18.8%
Hagåtña
17.3%
Remove Ads.
Support Sporcle.
Get the best of Sporcle when you Go Orange. This ad-free experience offers more features, more stats, and more fun while also helping to support Sporcle. Thank you for becoming a member.

You're not logged in!

Compare scores with friends on all Sporcle quizzes.
OR
Log In

Show Comments

Extras

Top Quizzes Today


Score Distribution

Your Account Isn't Verified!

In order to create a playlist on Sporcle, you need to verify the email address you used during registration. Go to your Sporcle Settings to finish the process.

Report this User

Report this user for behavior that violates our Community Guidelines.

Details: